000 01081nam a2200325 i 4500
001 245336
003 OSt
005 20180921
008 0000002001 dr 0000000000spa00
100 _aFraquer Contreras, Vivian Fátima
245 _aCalidad de las prescripciones médicas intrahospitalaria en el Departamento de Ginecología y Osbtetricia en el Hospital Jaime Oliver Pino período enero-abril 2000
_cVivian Fátima del Carmen Fraquer Contreras, Lidia Miguelina Rodríguez, Ana Josefa Castillo Cardy; asesores Dinorah Mejía, Rodríguez Abreu
260 _aRepública Dominicana :
_bUniversidad Central del Este
300 _a1v. (en varias paginaciones)
502 _aTesis (Licenciado en Farmacia)-- Universidad Central del Este, 2001
504 _aIncluye bibliografía, índice y anexos
650 _aFarmacología
_aMedicamentos
_aPrescripciones médica
_aTC 6206
_aTesis y disertaciones acdémicas
700 _aCastillo Cardy, Ana Josefa
_aMejía, Dinorah, ases
_aRodríguez Abreu, José, ases
_aRodríguez, Lidia Miguelina
040 _aDLC
_cDLC
942 _2ddc
_cTH
999 _c245336
_d24533600